| 000 | 00398nam a2200133Ia 4500 | ||
|---|---|---|---|
| 008 | 170221s9999 xx 000 0 und d | ||
| 100 | _aAdam Steen | ||
| 245 | _aMicrocap M&A: An Exploratory Study | ||
| 245 | _cAdam Steen, Keith Turpie, and Gee Wan Ng | ||
| 260 | _c2014 | ||
| 300 | _a12 : 1 | ||
| 650 | _xBusiness | ||
| 856 | _uhttp://ro.uow.edu.au/cgi/viewcontent.cgi?article=1479&context=aabfj | ||
| 999 |
_c311539 _d311539 |
||